000 00604nam a2200253Ia 4500
005 20260121153700.0
008 008 260114s9999 xx 000 0 eng d
020 _a9781351228398
037 _aEBOOK
040 _aCRL
040 _beng
040 _cCRL
041 _2eng
041 _aeng
084 _qCRL
100 _aCarde, R.T. and Bell, W.J.
_9997801
245 0 _aChemical Ecology of Insects
260 _bTaylor and Francis
260 _c2018
856 _uhttp://www.taylorfrancis.com/books/9781351228398
942 _cEBOOK
999 _c1564620
_d1564620